Rekreasi

Bibliographic Details
Main Author: Muhamad Ismail Ahmad
Format: Book
Published: Selangor : Flo Enterprise , 2004
Series:Siri Pendidikan jasmani dan kesihatan
Subjects:

MARC

LEADER 00000cam a2200000 7i4500
001 0000007095
005 20151222.0
008 070828
020 |a 9679714624 
020 |a 9679714683 (set) 
090 0 0 |a JF   |b HEA MAL (6944) 
100 0 |a Muhamad Ismail Ahmad 
245 1 0 |a Rekreasi   |c Muhamad Ismail Ahmad 
260 |a Selangor :   |b Flo Enterprise ,   |c 2004 
440 |a Siri Pendidikan jasmani dan kesihatan 
500 |a Children ages 7-9 years old (orange) 
650 0 |a Health   |x Education 
999 |a 0000860115   |b Book   |c Adult Collection   |e Cawangan Muar 
999 |a 0000920985   |b Book   |c Children Collection   |e Cawangan Bukit Gambir 
999 |a 0000920986   |b Book   |c Children Collection   |e Cawangan Bukit Gambir 
999 |a 0000920987   |b Book   |c Children Collection   |e Cawangan Bukit Gambir 
999 |a 0000931008   |b Book   |c Children Collection   |e Cawangan Tangkak 
999 |a 0000931009   |b Book   |c Children Collection   |e Cawangan Tangkak 
999 |a 0000988640   |b Book   |c Children Collection   |e Perbadanan Perpustakaan Awam Johor 
999 |a 0000988641   |b Book   |c Children Collection   |e Cawangan Taman Universiti 
999 |a 0000988642   |b Book   |c Children Collection   |e Cawangan Bandar Tenggara 
999 |a 0000988643   |b Book   |c Children Collection   |e Cawangan Bandar Tenggara 
999 |a 0000988644   |b Book   |c Children Collection   |e Perbadanan Perpustakaan Awam Johor